000 00727cam a22002413a 4500
001 30666
003 PGUSA
005 20140828083649.0
008 091213s2009||||xxu|||||s|||||000 | eng d
040 _aPGUSA
_beng
042 _adc
050 4 _aQL
245 1 0 _aBirds, Illustrated by Color Photography, Vol. 1, No. 6 :
_bJune, 1897
_h[electronic resource] /
_cVarious
260 _bProject Gutenberg,
_c2009
506 _aPublic domain in the USA.
516 _aElectronic text
653 _aBirds -- Periodicals
653 _aNatural history -- Periodicals
653 _aZoological illustration -- Periodicals
830 0 _aProject Gutenberg
_v30666
856 4 0 _uhttp://www.gutenberg.org/ebooks/30666
942 _cEB
999 _c259921
_d259921